000 00982nam a2200313 4500
001 14073
003 BD-RjUL
005 20211208235552.0
008 140205r19721971enkae 001 0 eng
020 _a0713116471
035 _a(BD-RjUL)14125
040 _aDLC
_cDLC
_dDLC
_dBD-RjUL
_beng
041 _aeng
082 0 0 _a647.9
_bBRH
100 1 _aBranson, Joan Cameron.
_943983
245 1 0 _aHotel, hostel and hospital housekeeping /
_cby Joan C. Branson [and] Margaret Lennox.
250 _a2nd ed. (Metric).
260 _aLondon :
_bEdward Arnold,
_c1971[reprinted1972]
300 _av, 254 p. :
_billus., plans. ;
_c22 cm.
350 _a£1.10
500 _aFirst ed. published in 1965 under title: Hotel housekeeping.
504 _aIncludes index.
650 0 _aHotel housekeeping.
_943984
650 0 _aHospital housekeeping.
_943985
700 1 _aLennox, Margaret,
_ejoint author.
_943986
942 _2ddc
_cBK
999 _c14073
_d14073